| 000 | 00452nam a2200145Ia 4500 | ||
|---|---|---|---|
| 008 | 211109s9999||||xx |||||||||||||| ||und|| | ||
| 082 |
_a894.8123 _bPAN-M |
||
| 100 | _aPanakkadu, Sankaran | ||
| 245 | 0 | _aMazhakaru | |
| 260 |
_bSahitya Pravarthaka Co-Operative Society _aKottayam _c1967 |
||
| 300 | _a168p. | ||
| 630 | _xGeneral Stack | ||
| 650 |
_aMalayalam Literature _vMalayalam FictionMalayalam NovelMalayalam Shot Stories _xGeneralia |
||
| 942 | _cBOOK | ||
| 999 |
_c30199 _d30199 |
||